| 000 | 00976nas a2200313 4500 | ||
|---|---|---|---|
| 001 | BR2012002795 | ||
| 003 | BR-BrBNA | ||
| 005 | 20231205120437.0 | ||
| 007 | ta | ||
| 008 | 230509b bl.|||p| |||| 00| 00por d | ||
| 040 |
_aBR-BrBNA _bpor _cBiblioteca Nacional de Agricultura |
||
| 041 | _a(Pt) | ||
| 072 | _aP01; K10 | ||
| 100 | 1 | _aJuvanhol, R.S. | |
| 100 | 1 | _aFiedler, N.C. | |
| 100 | 1 | _aSantos, A.R. dos | |
| 100 | 1 | _aPirovani, D.B. | |
| 100 | 1 | _aLouzada, F.L.R. de O. | |
| 100 | 1 | _aDias, H.M. | |
| 100 | 1 | _aTebaldi, A.L.C. | |
| 245 | 1 | _aAnálise espacial de fragmentos florestais: caso dos parques estaduais de Forno Grande e Pedra Azul, estado do Espírito Santo | |
| 650 | _aPRESERVAÇÃO DA NATUREZA | ||
| 650 | _aECOLOGIA | ||
| 650 | _aFLORESTA | ||
| 650 | _aMAPA | ||
| 773 | 0 |
_tFloresta e Ambiente (Brazil) _xISSN 1415-0980 _g(Oct-Dec 2011), v. 18(4) p. 353-364 _wBR2012002795 |
|
| 909 |
_a202311 _bLúcia _c55 _dLúcia Elande |
||
| 942 |
_2AGRIS _n0 _cANA |
||
| 999 |
_c218527 _d218527 |
||